Southville International School and Colleges
Your cart is empty.
  • Cart
  • Lists
    Public lists Eva Luna New books Lux_list list_1
    Your lists Log in to create your own lists
  • Log in to your account
  • Your cookies
  • Search history
Southville International School and Colleges
  • Advanced search
  • Recent comments
  • Most popular
  • Libraries

Log in to your account

Log in with GOOGLE


If you do not have an external account, but do have a local account, you can still log in:

  1. Home
  2. MARC view: Swan maiden (The) /
Normal view MARC view ISBD view

Swan maiden (The) / (Record no. 111861)

[ view plain ]
MARC details
000 -LEADER
fixed length control field 00642nam a2200193 a 4500
001 - CONTROL NUMBER
control field 2623
005 - DATE AND TIME OF LATEST TRANSACTION
control field 20140414131923.0
008 - FIXED-LENGTH DATA ELEMENTS--GENERAL INFORMATION
fixed length control field 050607s19uu xx 00 eng d
020 ## - INTERNATIONAL STANDARD BOOK NUMBER
International Standard Book Number 0-8234-1088-9
050 ## - LIBRARY OF CONGRESS CALL NUMBER
Classification number ER
Item number Sw1 1994
100 ## - MAIN ENTRY--PERSONAL NAME
Personal name Pyle, Howard
245 ## - TITLE STATEMENT
Title Swan maiden (The) /
Statement of responsibility, etc by Howard Pyle ; afterword by Ellin Greene ; illustrated by Robert Sauber.
260 ## - PUBLICATION, DISTRIBUTION, ETC. (IMPRINT)
Place of publication, distribution, etc New York :
Name of publisher, distributor, etc Holiday House,
Date of publication, distribution, etc 1994.
300 ## - PHYSICAL DESCRIPTION
Extent 1 v. p. : ill. ; cm.
520 ## - SUMMARY, ETC.
Summary, etc The king's youngest son releases the Swan Maiden from servitude under the witch with three eyes.
650 ## - SUBJECT ADDED ENTRY--TOPICAL TERM
Topical term or geographic name as entry element Fairy tales.
650 ## - SUBJECT ADDED ENTRY--TOPICAL TERM
Topical term or geographic name as entry element Children stories.
Holdings
Withdrawn status Lost status Damaged status Use restrictions Home library Current library Shelving location Date acquired Source of acquisition Total Checkouts Full call number Barcode Date last seen Price effective from Koha item type
        Munich Library Munich Library Easy Reading Section 06/07/2005     ER Sw1 1994 M2776 04/14/2014 04/14/2014 Books

Swan maiden (The) /

APA

Pyle H., . (1994). Swan maiden (The). New York: Holiday House.

Chicago

Pyle Howard, . 1994. Swan maiden (The). New York: Holiday House.

Harvard

Pyle H., . (1994). Swan maiden (The). New York: Holiday House.

MLA

Pyle Howard, . Swan maiden (The). New York: Holiday House. 1994.

  • Place hold
  • Print
  • Cite
  • Add to your cart (remove)
  • Save record
    BIBTEX Dublin Core MARCXML MARC (non-Unicode/MARC-8) MARC (Unicode/UTF-8) MARC (Unicode/UTF-8, Standard) MODS (XML) RIS
  • More searches
    Search for this title in:
    Other Libraries (WorldCat) Other Databases (Google Scholar) Online Stores (Bookfinder.com) Open Library (openlibrary.org)

Exporting to Dublin Core...

SOUTHVILLE LIBRARY

Southville International School and Colleges Library

1281 Tropical Ave. Cor. Luxembourg St., BF Homes International, Las Pinas City

Tel. No. 8256374 / 252358 Loc. 117/146

Powered by Koha